000 00372pab a2200145 454500
008 180718b2001 xxu||||| |||| 00| 0 eng d
100 _aWeale, Albert
245 _aCan we democratize decisions on risk and the environment?
260 _c2001
300 _ap.355-78
362 _aSummer
650 _aEnvironment
773 _aGovernment and Opposition
909 _a49813
999 _c49813
_d49813